Geography Multi-select #8 - Statistics

General Stats
  • This quiz has been taken 19 times
  • The average score is 65 of 90
Answer Stats
Question Tile Select % Correct
capital cities of a country whose name begins with “G.” Abuja No
100%
capital cities of a country whose name begins with “G.” Baghdad No
100%
capital cities of a country whose name begins with “G.” Beirut No
100%
capital cities of a country whose name begins with “G.” Berlin Yes
100%
five countries (excluding dependencies) with the longest coastlines. Canada Yes
100%
top five countries with the highest mean elevation. Nepal Yes
100%
South Atlantic states, per the U.S. Census Bureau. New Jersey No
100%
capital cities of a country whose name begins with “G.” Palikir No
100%
capital cities of a country whose name begins with “G.” Tbilisi Yes
100%
capitals of U.S. states whose name begins with “G.” Atlanta Yes
94%
top five countries with the highest mean elevation. Bhutan Yes
94%
capitals of U.S. states whose name begins with “G.” Columbia No
94%
capitals of U.S. states whose name begins with “G.” Columbus No
94%
capitals of U.S. states whose name begins with “G.” Des Moines No
94%
South Atlantic states, per the U.S. Census Bureau. Georgia Yes
94%
countries whose capital city begins with “G.” Guatemala Yes
94%
five countries (excluding dependencies) with the longest coastlines. Japan No
94%
countries whose capital city begins with “G.” Maldives No
94%
founders of the South Pacific Commission (now the Pacific Community) in 1947. New Zealand Yes
94%
countries whose capital city begins with “G.” Norway No
94%
South Atlantic states, per the U.S. Census Bureau. South Carolina Yes
94%
countries whose capital city begins with “G.” South Sudan No
94%
capitals of U.S. states whose name begins with “G.” Trenton No
94%
capital cities of a country whose name begins with “G.” Accra Yes
89%
capitals of U.S. states whose name begins with “G.” Annapolis No
89%
founders of the South Pacific Commission (now the Pacific Community) in 1947. Australia Yes
89%
capital cities of a country whose name begins with “G.” Banjul Yes
89%
countries that have withdrawn from, do not participate in, or have disputed membership in the Organization of American States (OAS). Canada No
89%
top five countries with the highest mean elevation. China No
89%
countries whose capital city begins with “G.” Gabon No
89%
top five healthiest countries (Bloomberg Global Health Index, 2019). Iceland Yes
89%
capitals of U.S. states whose name begins with “G.” Jefferson City No
89%
countries that have withdrawn from, do not participate in, or have disputed membership in the Organization of American States (OAS). Saint Vincent and the Grenadines No
89%
East South Central states, per the U.S. Census Bureau. Texas No
89%
countries that have withdrawn from, do not participate in, or have disputed membership in the Organization of American States (OAS). Belize No
83%
countries whose capital city begins with “G.” Botswana Yes
83%
capitals of U.S. states whose name begins with “G.” Cheyenne No
83%
countries that have withdrawn from, do not participate in, or have disputed membership in the Organization of American States (OAS). Cuba Yes
83%
South Atlantic states, per the U.S. Census Bureau. Florida Yes
83%
five countries (excluding dependencies) with the longest coastlines. Indonesia Yes
83%
South Atlantic states, per the U.S. Census Bureau. North Carolina Yes
83%
top five healthiest countries (Bloomberg Global Health Index, 2019). Switzerland Yes
83%
East South Central states, per the U.S. Census Bureau. Tennessee Yes
83%
countries that have withdrawn from, do not participate in, or have disputed membership in the Organization of American States (OAS). Venezuela Yes
83%
top five healthiest countries (Bloomberg Global Health Index, 2019). Australia No
78%
countries whose capital city begins with “G.” Burundi Yes
78%
countries whose capital city begins with “G.” Comoros No
78%
countries whose capital city begins with “G.” Guyana Yes
78%
capitals of U.S. states whose name begins with “G.” Montpelier No
78%
countries that have withdrawn from, do not participate in, or have disputed membership in the Organization of American States (OAS). Nicaragua Yes
78%
five countries (excluding dependencies) with the longest coastlines. Russia Yes
78%
East South Central states, per the U.S. Census Bureau. Alabama Yes
72%
top five countries with the highest mean elevation. Chile No
72%
East South Central states, per the U.S. Census Bureau. Indiana No
72%
top five healthiest countries (Bloomberg Global Health Index, 2019). Japan Yes
72%
capital cities of a country whose name begins with “G.” Libreville Yes
72%
East South Central states, per the U.S. Census Bureau. Mississippi Yes
72%
five countries (excluding dependencies) with the longest coastlines. New Zealand No
72%
countries that have withdrawn from, do not participate in, or have disputed membership in the Organization of American States (OAS). Guyana No
67%
East South Central states, per the U.S. Census Bureau. Kentucky Yes
67%
founders of the South Pacific Commission (now the Pacific Community) in 1947. New Caledonia No
67%
countries that have withdrawn from, do not participate in, or have disputed membership in the Organization of American States (OAS). Suriname No
67%
top five countries with the highest mean elevation. Tajikistan Yes
67%
top five countries with the highest mean elevation. Kyrgyzstan Yes
61%
East South Central states, per the U.S. Census Bureau. West Virginia No
61%
top five countries with the highest mean elevation. Afghanistan No
56%
founders of the South Pacific Commission (now the Pacific Community) in 1947. France Yes
56%
countries that have withdrawn from, do not participate in, or have disputed membership in the Organization of American States (OAS). Grenada No
56%
top five countries with the highest mean elevation. Lesotho Yes
56%
East South Central states, per the U.S. Census Bureau. Missouri No
56%
founders of the South Pacific Commission (now the Pacific Community) in 1947. United States Yes
56%
South Atlantic states, per the U.S. Census Bureau. Virginia Yes
56%
founders of the South Pacific Commission (now the Pacific Community) in 1947. Papua New Guinea No
50%
top five healthiest countries (Bloomberg Global Health Index, 2019). Sweden No
50%
founders of the South Pacific Commission (now the Pacific Community) in 1947. United Kingdom Yes
50%
five countries (excluding dependencies) with the longest coastlines. Australia No
44%
founders of the South Pacific Commission (now the Pacific Community) in 1947. Samoa No
44%
top five countries with the highest mean elevation. Andorra No
39%
East South Central states, per the U.S. Census Bureau. Louisiana No
39%
five countries (excluding dependencies) with the longest coastlines. Norway Yes
39%
five countries (excluding dependencies) with the longest coastlines. Philippines Yes
39%
top five healthiest countries (Bloomberg Global Health Index, 2019). Singapore No
33%
five countries (excluding dependencies) with the longest coastlines. United States No
33%
South Atlantic states, per the U.S. Census Bureau. West Virginia Yes
22%
top five healthiest countries (Bloomberg Global Health Index, 2019). Italy Yes
17%
South Atlantic states, per the U.S. Census Bureau. Maryland Yes
17%
top five healthiest countries (Bloomberg Global Health Index, 2019). Spain Yes
17%
founders of the South Pacific Commission (now the Pacific Community) in 1947. Netherlands Yes
11%
top five healthiest countries (Bloomberg Global Health Index, 2019). Norway No
11%
South Atlantic states, per the U.S. Census Bureau. Delaware Yes
6%
No matching quizzes found
Score Distribution
Percent of People with Each Score
Percentile by Number Answered
Your Score History
You have not taken this quiz